<?xml version="1.0" encoding="UTF-8"?>
<record
    xmlns:xsi="http://www.w3.org/2001/XMLSchema-instance"
    xsi:schemaLocation="http://www.loc.gov/MARC21/slim http://www.loc.gov/standards/marcxml/schema/MARC21slim.xsd"
    xmlns="http://www.loc.gov/MARC21/slim">

  <leader>02452nam a22003857a 4500</leader>
  <datafield tag="999" ind1=" " ind2=" ">
    <subfield code="c">21793</subfield>
    <subfield code="d">21793</subfield>
  </datafield>
  <controlfield tag="003">AR-CdUCM</controlfield>
  <controlfield tag="008">190425b           ||||| |||| 00| 0 spa d</controlfield>
  <datafield tag="040" ind1=" " ind2=" ">
    <subfield code="a">MUNICIPALIDAD PROVINCIAL DEL CUSCO</subfield>
    <subfield code="c">BIBLIOTECA MUNICIPAL DEL CUSCO</subfield>
  </datafield>
  <datafield tag="082" ind1=" " ind2=" ">
    <subfield code="a">Rev.IAAC/N&#xB0;8/1958</subfield>
  </datafield>
  <datafield tag="110" ind1=" " ind2=" ">
    <subfield code="a">Instituto Americano de Arte del Cuzco</subfield>
    <subfield code="9">43770</subfield>
  </datafield>
  <datafield tag="245" ind1=" " ind2=" ">
    <subfield code="a">Revista del Instituto Americano de Arte /</subfield>
  </datafield>
  <datafield tag="260" ind1=" " ind2=" ">
    <subfield code="a">Cusco :</subfield>
    <subfield code="b">H.G. Rozas,</subfield>
    <subfield code="c">1958.</subfield>
  </datafield>
  <datafield tag="300" ind1=" " ind2=" ">
    <subfield code="a">206 [111] p&#xE1;ginas. :</subfield>
    <subfield code="b">ilustraciones, laminas ;</subfield>
    <subfield code="c">24 cm.</subfield>
  </datafield>
  <datafield tag="440" ind1=" " ind2=" ">
    <subfield code="a">Revista del Instituto Americano de Arte Cuzco.</subfield>
    <subfield code="n">A&#xF1;o VIII, [?] semestre de 1958, N&#xB0;8. Vol.[?]</subfield>
    <subfield code="9">46128</subfield>
  </datafield>
  <datafield tag="505" ind1=" " ind2=" ">
    <subfield code="a">Contenido: Rumbo del Arte peruano. Alfredo Y&#xE9;pez Miranda. -- Una consideraci&#xF3;n referente a lo est&#xE9;tico. Fernando Manrique. -- Juguetes cuzque&#xF1;os de Navidad. Julio G. Guti&#xE9;rrez. -- T&#xFA;pac Amaru tit&#xE1;n de los andes. Luis Velasco Arag&#xF3;n. -- Un nuevo mito de la fundaci&#xF3;n del Imperio. Efra&#xED;n Morote Best. -- El toro en el Folklore. Edmundo Delgado Vivanco. -- La tragedia de los andes. Luis Felipe Paredes. -- Ruperto Huam&#xE1;n. Carlos Valer. -- Cr&#xED;tica literaria. Eustaquio Kallata. -- C&#xF3;mo castigaba el pueblo del Cuzco a los tiranos y ladrones. Ernesto Corbacho Paredes. -- Poemas de Andr&#xE9;s Alencastre Guti&#xE9;rrez y Faustino Espinoza Navarro. -- Canto Blindado poemas. Luis Nieto. -- Poemas, Gustavo P&#xE9;rez Ocampo. -- Del impresionismo al Arte abstracto. Julio G. Guti&#xE9;rrez. -- Homenaje a Benjam&#xED;n Mendiz&#xE1;bal Vizcarra. -- El Arte de Jos&#xE9; Sabogal. Emilio Mendiz&#xE1;bal L. -- Actividades del Instituto en 1957. -- Necrolog&#xED;a Luis Felipe Paredes. Miguel Angel Nieto. -- Monograf&#xED;as hist&#xF3;ricas del Cuzco. -- El Cuzco en 1835 por Jos&#xE9; Mar&#xED;a Blanco.</subfield>
  </datafield>
  <datafield tag="650" ind1=" " ind2=" ">
    <subfield code="a">Tradiciones cusque&#xF1;as</subfield>
    <subfield code="9">31110</subfield>
  </datafield>
  <datafield tag="650" ind1=" " ind2=" ">
    <subfield code="a">Fiestas populares</subfield>
    <subfield code="9">34730</subfield>
  </datafield>
  <datafield tag="650" ind1=" " ind2=" ">
    <subfield code="a">Folcklore</subfield>
    <subfield code="9">46108</subfield>
  </datafield>
  <datafield tag="650" ind1=" " ind2=" ">
    <subfield code="a">Literatura cusque&#xF1;a</subfield>
    <subfield code="9">46110</subfield>
  </datafield>
  <datafield tag="650" ind1=" " ind2=" ">
    <subfield code="a">Poetas cusque&#xF1;os</subfield>
    <subfield code="9">5956</subfield>
  </datafield>
  <datafield tag="650" ind1=" " ind2=" ">
    <subfield code="a">Arte cusque&#xF1;o</subfield>
    <subfield code="9">13165</subfield>
  </datafield>
  <datafield tag="650" ind1=" " ind2=" ">
    <subfield code="a">Benjam&#xED;n Mendiz&#xE1;bal Vizcarra</subfield>
    <subfield code="9">46129</subfield>
  </datafield>
  <datafield tag="650" ind1=" " ind2=" ">
    <subfield code="a">Jos&#xE9; Sabogal</subfield>
    <subfield code="9">25976</subfield>
  </datafield>
  <datafield tag="650" ind1=" " ind2=" ">
    <subfield code="a">Esculturas</subfield>
    <subfield code="9">13595</subfield>
  </datafield>
  <datafield tag="700" ind1=" " ind2=" ">
    <subfield code="a">Guti&#xE9;rrez Loayza, Julio</subfield>
    <subfield code="9">46116</subfield>
  </datafield>
  <datafield tag="700" ind1=" " ind2=" ">
    <subfield code="a">Y&#xE9;pez Miranda, Alfredo</subfield>
    <subfield code="9">4230</subfield>
  </datafield>
  <datafield tag="700" ind1=" " ind2=" ">
    <subfield code="a">Morote Best, Efra&#xED;n</subfield>
    <subfield code="9">46127</subfield>
  </datafield>
  <datafield tag="700" ind1=" " ind2=" ">
    <subfield code="a">Velazco Arag&#xF3;n, Luis</subfield>
    <subfield code="9">30611</subfield>
  </datafield>
  <datafield tag="700" ind1=" " ind2=" ">
    <subfield code="a">Delgado Vivanco, Edmundo</subfield>
    <subfield code="9">25661</subfield>
  </datafield>
  <datafield tag="700" ind1=" " ind2=" ">
    <subfield code="a">Corbacho Paredes, Ernesto</subfield>
    <subfield code="9">46130</subfield>
  </datafield>
  <datafield tag="700" ind1=" " ind2=" ">
    <subfield code="a">Nieto Mirando, Luis</subfield>
    <subfield code="9">46131</subfield>
  </datafield>
  <datafield tag="700" ind1=" " ind2=" ">
    <subfield code="a">Blanco, Jos&#xE9; Mar&#xED;a</subfield>
    <subfield code="9">15836</subfield>
  </datafield>
  <datafield tag="942" ind1=" " ind2=" ">
    <subfield code="2">ddc</subfield>
    <subfield code="c">PP</subfield>
  </datafield>
  <datafield tag="945" ind1=" " ind2=" ">
    <subfield code="a">rac</subfield>
  </datafield>
  <datafield tag="952" ind1=" " ind2=" ">
    <subfield code="0">0</subfield>
    <subfield code="2">ddc</subfield>
    <subfield code="4">0</subfield>
    <subfield code="7">0</subfield>
    <subfield code="a">HEM</subfield>
    <subfield code="b">HEM</subfield>
    <subfield code="c">CART</subfield>
    <subfield code="d">2021-08-05</subfield>
    <subfield code="g">10.00</subfield>
    <subfield code="o">Rev.IAAC/N&#xB0;8/1958</subfield>
    <subfield code="p">REVC000235</subfield>
    <subfield code="r">2021-08-05</subfield>
    <subfield code="y">PP</subfield>
  </datafield>
  <datafield tag="952" ind1=" " ind2=" ">
    <subfield code="0">0</subfield>
    <subfield code="2">ddc</subfield>
    <subfield code="4">0</subfield>
    <subfield code="7">0</subfield>
    <subfield code="a">HEM</subfield>
    <subfield code="b">HEM</subfield>
    <subfield code="c">CART</subfield>
    <subfield code="d">2021-08-05</subfield>
    <subfield code="g">10.00</subfield>
    <subfield code="o">Rev.IAAC/N&#xB0;8/1958/e.2</subfield>
    <subfield code="p">REVC000236</subfield>
    <subfield code="r">2021-08-05</subfield>
    <subfield code="y">PP</subfield>
  </datafield>
</record>
